|
|
|
|
| LEADER |
01473nab#a2200397#ar4500 |
| 001 |
000045809 |
| 003 |
SVKKK |
| 005 |
20061204104956.0 |
| 008 |
030729c2000 xo e engo |
| FMT |
|
|
|
| 015 |
|
|
|a SNBRB2001/01-xxxxx
|
| 038 |
|
|
|a SVKKK
|
| 040 |
|
|
|a SVKKK
|b slo
|e AACR2
|
| 041 |
0 |
|
|a eng
|b eng
|
| 044 |
|
|
|a xo
|c SK
|
| 080 |
|
|
|a 551.782.1
|2 1981
|
| 080 |
|
|
|a 552.5(234.372.3)"6236"
|2 1981
|
| 080 |
|
|
|a 552.578
|2 1981
|
| 100 |
1 |
|
|a Lokajová, Jana
|4 aut
|
| 242 |
1 |
0 |
|a Analýza depozičného prostredia ako nástroj prieskumu uhľovodíkov: ukážka z vrchnobádenských ložísk v oblasti Trhovište-Pozdišovce, východoslovenská panva, Slovensko
|
| 245 |
1 |
0 |
|a Analysis of depositional environment as a tool for hydrocarbon exploration: a case study from the Late Badenian deposits in the Trhovište-Pozdišovce area, East-Slovakian basin, Slovakia
|c Jana Lokajová, Juraj Janočko
|
| 300 |
|
|
|b Obr.
|
| 504 |
|
|
|a Bibliogr. odkazy
|
| 504 |
|
|
|a Res. angl.
|
| 650 |
0 |
4 |
|a panva východoslovenská
|x sedimenty deltové
|y miocén
|z Slovensko
|
| 650 |
0 |
4 |
|a uhľovodíky
|x prieskumy
|z Slovensko východné
|
| 651 |
|
4 |
|a Pozdišovce (Slovensko východné)
|x uhľovodíky
|
| 651 |
|
4 |
|a Trhovište (Slovensko východné)
|x uhľovodíky
|
| 700 |
1 |
|
|a Janočko, Juraj
|4 aut
|
| 773 |
0 |
|
|t Mineralia slovaca
|x 0369-2086
|g Roč. 32, č. 3 (2000), s. 325-327
|
| 958 |
|
|
|a NB
|
| 958 |
|
|
|a SK
|
| 974 |
|
|
|a 244
|d 20010118
|
| 992 |
|
|
|a RBX
|
| BAS |
|
|
|
| 998 |
|
|
|a GEO
|